|
|
|
|
| LEADER |
00000nam a2200000 a 4500 |
| 001 |
UCY0834 |
| 003 |
CL-VaPUC |
| 008 |
940813e19910000NE |||||||||||||||||eng|d |
| 082 |
0 |
4 |
|a 578.77
|b MAU
|2 21
|
| 100 |
|
|
|a Mauchline, John
|e autor
|9 328676
|
| 700 |
0 |
|
|a Nemoto, Takahisa
|e author
|9 328677
|
| 245 |
1 |
0 |
|a Marine biology: its accomplishment and future prospect
|
| 300 |
|
|
|a 261 p
|
| 942 |
|
|
|c BK
|
| 945 |
|
|
|d 19940813 00:00:00
|a mfernand
|
| 260 |
|
|
|a Amsterdam
|b Elsevier
|c 1991
|
| 650 |
|
0 |
|a Biología marina
|9 259965
|
| 583 |
|
|
|a last modification
|c 19940813 00:00:00
|k Rodrigo Vera
|
| 999 |
|
|
|c 229734
|d 229732
|
| 952 |
|
|
|0 0
|1 0
|2 ddc
|4 0
|6 578_770000000000000_MAU_1991
|7 0
|8 CCM
|9 231238
|a BIBCUR
|b BIBCUR
|c PAC
|d 2019-11-15
|i 2952440
|o 578.77 MAU 1991
|p 2952440
|r 2025-04-22
|w 2019-11-15
|y BK
|k CIM
|